| 000 | 00485cam a22001577a 4500 | ||
|---|---|---|---|
| 008 | 180718b1893 xxu||||| |||| 00| 0 eng d | ||
| 082 | _aA6x54 R861/Au62 | ||
| 100 | _aLane-Poole, Stanley | ||
| 245 |
_aAurangzib _cby Stanley Lane-Poole |
||
| 260 |
_aOxford _bClarendon Press _c1893 |
||
| 300 | _a212+p. | ||
| 440 | _aRulers of India | ||
| 650 | _aMogul Empire --History | ||
| 650 | _aMogul Empire --Kings and rulers --Biography | ||
| 650 | _aAurangzeb, Emperor of Hindustan, 1618-1707 | ||
| 999 |
_c438151 _d438151 |
||